000 00820cab a22002055a 4500
001 L144103
008 080618e20080613xxk f 000 0 eng d
035 _a(Sirsi) u144103
041 0 _aeng
100 1 _aDixon, Marcus
245 0 0 _aSoar point
260 _c2008
490 0 _aProperty Week
_v73(24) 13 June 2008, 46(1)
520 _aReports that rising costs may undermine the viability of residential tower blocks in the UK. Analyses completions from 17 schemes since January 2006. Suggests that build costs are likely to increase, making such schemes less viable than previously. Comments on the implications of the height of towers and prospects for the market. Tables.
590 _aKA
651 4 _aUnited Kingdom
_y
690 _aBUILT ENVIRONMENT-BUILDING COSTS
700 1 _aFarmer, Mark
942 _n0
999 _c80340
_d80340